00849cam a2200253 a 450000100100000000500170001000800410002704000300006808200250009810000350012324500680015825000110022626000370023730000210027449000160029565000280031165000420033983000220038191000330040391000070043604900090044395201280045299900150058000000882320200929161420.0760113s1976 ve 000 f spa d aDO-SdBNPbspacCtYdBNPHU aV863.44bB533m, 19761 aBerroeta, Pedro,d1914-92336810aMigaja :blectura para descansar en la playa /cPedro Berroeta. a2a ed. aCaracas :bMonte Ávila,c1976. a378 p. ;c18 cm.1 aContinentes 4aNovela venezolana93962 4aLiteratura venezolanaySIGLO XX99777 0aContinentes95341 aCatalogación derivada / LC aWM aBNGR 001052708MOaGRbGRcHDd2009-09-18iLF1l0oV863.44 B533m, 1976p8823-10r2020-06-25w2020-06-25y2ZPréstamo interno c8592d8592